Občianske právo pre ekonómov

Saved in:
Bibliographic Details
Main Author: Hvožďárová, Mária
Corporate Author: Ekonomická univerzita v Bratislave. Obchodná fakulta
Other Authors: Valková, Katarína
Format: Book
Language:Slovak
Published: Bratislava Ekonóm 1996
Edition:1. vyd.
Subjects:
Tags: Add Tag
No Tags, Be the first to tag this record!

MARC

LEADER 00000nam a2200000 4500
001 c013913
005 20221214071452.2
020 |a 80-225-0685-0 
041 0 |a slo 
044 |a SK 
245 1 0 |a Občianske právo pre ekonómov  |c Mária Hvožďarová, Katarína Valková 
250 |a 1. vyd. 
264 1 |a Bratislava  |b Ekonóm  |c 1996 
300 |a 177 s. 
610 2 0 |a právo občianske 
610 2 0 |a vzťahy občianskoprávne 
610 2 0 |a právo vlastnícke 
610 2 0 |a zodpovednosť 
610 2 0 |a zákonník občiansky 
610 2 0 |a konanie súdne občianske 
100 1 |a Hvožďárová, Mária 
700 1 |a Valková, Katarína 
710 2 |a Ekonomická univerzita v Bratislave. Obchodná fakulta